Science et technique fiscales
Salvato in:
| Autore principale: | |
|---|---|
| Natura: | Libro |
| Lingua: | francese |
| Pubblicazione: |
París
Librairie Générale de Droit et de Jurisprudence
1958
|
| Serie: | L'Aide Mémoire de l'Etudiant en Droit
|
| Soggetti: | |
| Tags: |
Aggiungi Tag
Nessun Tag, puoi essere il primo ad aggiungerne!!
|
MARC
| LEADER | 00000nam a2200000 a 4500 | ||
|---|---|---|---|
| 001 | UCS0583 | ||
| 003 | CL-VaPUC | ||
| 008 | 970426e19580000FR |||||||||||||||||fre|d | ||
| 082 | 0 | 4 | |a 343.04 |b BAR |2 21 |
| 100 | 0 | |a Barraine, Raymond |e author |9 384260 | |
| 245 | 1 | 0 | |a Science et technique fiscales |
| 300 | |a 227 p | ||
| 942 | |c BK | ||
| 945 | |d 19970426 00:00:00 |a paguirre | ||
| 260 | |a París |b Librairie Générale de Droit et de Jurisprudence |c 1958 | ||
| 650 | 0 | |a Derecho tributario |9 258895 | |
| 650 | 0 | |a Política fiscal |9 317354 | |
| 650 | 7 | |a INGRESO NACIONAL |2 CL-VaPUC |9 334289 | |
| 650 | 0 | |a Impuestos |9 255450 | |
| 650 | 7 | |a SISTEMA TRIBUTARIO |2 CL-VaPUC |9 384261 | |
| 650 | 0 | |a Administración pública |9 255343 | |
| 650 | 7 | |a CONTENCIOSO ADMINISTRATIVO |2 CL-VaPUC |9 255490 | |
| 651 | 0 | |a Francia |9 255157 | |
| 583 | |a last modification |c 19970426 00:00:00 |k Rodrigo Vera | ||
| 490 | 0 | |a L'Aide Mémoire de l'Etudiant en Droit | |
| 999 | |c 258805 |d 258803 | ||
| 952 | |0 0 |1 0 |4 0 |6 343_040000000000000_BAR_1958 |7 0 |8 A |9 283110 |a BIBDER |b BIBDER |d 2019-11-19 |i 1838199 |o 343.04 BAR 1958 |p 1838199 |r 2019-11-19 |w 2019-11-19 |y BK |k DER | ||